000 00732nam a22002417a 4500
003 UA-OsUOA
001 30291
007 ta
008 20041108b un ||||| |||| 00| 0 ukr d
100 _aГранчак І.
090 _a929:32(47+57)
_bГ77
942 _cBK
040 _aUA-OsUOA
_bukr
_cUA-OsUOA
_dUA-OsUOA
245 _aОлекса Борканюк - полум'яний борець за визволення трудящих Закарпаття
300 _a96 с.
_bІлюстрації
955 _a0
041 _aukr
080 _a929:32(47+57)
260 _aКиїв
_bДержавне видавництво політичної думки
_c1956
044 _aUA
650 7 _2UDC
999 _c316700
_d316700